Responses for Show #3261 - Monday, November 9, 1998

1998 Boston Week game 1.
From the Wang Center for the Performing Arts in Boston, Massachusetts.

Contestants

[<< previous game]

Amy Roeder, an actress from Merrimack, New Hampshire

Roger Green, a business librarian from Albany, New York

Tom Schellhammer, a lawyer from Arlington, Virginia (whose 1-day cash winnings total $10,500)

[next game >>]

Jeopardy! Round responses

MOUNTAINS
SONGS BY THE NUMBER
OLD TESTAMENT WOMEN
THE BRADY BUNCH
BEANS
(Alex: Hey, we're in Boston!)
BODY TALK
    $100 16
Salt Lake City

Amy
    $100 1
"50 Ways To Leave Your Lover"

Tom
    $100 17
Delilah

Amy
    $100 4
handguns

Amy
    $100 22
coffee beans

Amy
    $100 8
your teeth

Roger
    $200 20
William McKinley

Tom
    $200 2
"One Sweet Day"

Triple Stumper
    $200 18
(Roger: Who is Delilah?)

Bathsheba

TomRoger
    $200 5
Roy Rogers

Roger
    $200 27
beancounter

Amy
    $200 9
throat

Amy
    $300 21
Pikes Peak

Roger
    $300 3
"Knock Three Times"

Amy
    $300 19
Jezebel

Triple Stumper
    $300 13
the Treasury

Roger
    $300 28
Orson Bean

Roger
    $300 10
your little finger

Tom
    $400 25
Mount Ararat

Tom
    $400 6
"Sixteen Tons"

Amy
    $400 23
Lot's wife

Amy
    $400 14
Mathew Brady

Tom
    $400 29
bean sprouts

Tom
    $400 11
hairs

Amy
    $900 26
(Tom: What is Mount St. Helens?)

Mount Rainier

Tom
    $500 7
"Five O'Clock World"

Roger
    $500 24
Sarah

Roger
    $500 15
"Diamond Jim" Brady

Tom
    $500 30
kidney beans

Tom
    $500 12
hands

Amy

Scores at the first commercial break (after clue 14):

Tom Roger Amy
$800 $1,100 $1,900

Scores at the end of the Jeopardy! Round:

Tom Roger Amy
$2,100 $2,000 $2,800

Double Jeopardy! Round responses

BRAHMINS
THE UNTOUCHABLES
TELEVISION
PUT 'EM IN ORDER
(Alex: We want you to put the elements of the clue in chronological order.)
THIS IS YOUR LIFE, WOODROW WILSON
LITERARY CROSSWORD CLUES "M"
    $200 21
Caste system

Amy
    $200 4
Chicago

Tom
    $200 1
Frasier

Roger
    $200 23
1812, Crimean, Boer

Tom
    $200 16
Edith

Roger
    $200 9
Musketeers

Amy
    $400 22
(Amy: What is fasting?)

vegetarianism

TomAmy
    $400 5
Al Capone

Amy
    $1,200 2
George Clooney

Roger
    $400 25
Pius, Paul, John Paul

Roger
    $400 17
John J. Pershing

Roger
    $400 10
Moll

Roger
    $600 24
Sanskrit

Roger
    $600 7
Kevin Costner

Amy
    $600 3
Murphy Brown

Tom
    $1,000 26
California, Nebraska, Oklahoma

Roger
    $600 18
Pancho Villa

Tom
    $600 11
Mohicans

Roger
    $800 28
(Amy: Who is Gandhi?)

Jawaharlal Nehru

RogerAmy
    $800 14
(Tom: What is February 14? Valentine's Day?)
...
(Alex: We wanted you to be a little more specific.)

the St. Valentine's Day Massacre

TomAmy
    $800 6
Merlin

Tom
    $800 27
Buddhism, Christianity, Islam

Amy
    $800 19
Eugene V. Debs

Roger
    $800 12
Metamorphosis

Amy
    $1000 30
Vedas

Amy
    $1000 15
IRS (Internal Revenue Service)

Roger
    $1000 8
Emmanuel Lewis

Amy
    $1000 29
(Alex: Tom, we couldn't fool you that time!)

Jackson, Fillmore, Buchanan

Tom
    $1000 20
Thomas Marshall

Triple Stumper
    $1000 13
Manderley

Amy

Scores at the end of the Double Jeopardy! Round:

Tom Roger Amy
$5,100 $9,600 $8,400

[wagering suggestions for these scores]

Final Jeopardy! Round responses

WORLD CAPITALS
TomWhat is Hanoi?
$1,000
AmyWhat is Saigon/Ho Chi Minh City?
$3,000
RogerWhat is Hanoi?
$8,000
Hanoi, Vietnam

Final scores:

Tom Roger Amy
$6,100 $17,600 $5,400
2nd place: a trip to the Hilton at Short Hills, New Jersey New champion: $17,600 3rd place: $2,500 Versatel/Bank of America check card

Game dynamics:

Coryat scores:

Tom Roger Amy
$6,000 $8,400 $8,400
16 R,
2 W
(including 1 DD)
19 R
(including 2 DDs),
1 W
21 R,
2 W

Combined Coryat: $22,800

[game clues] [game scores] [suggest correction]

Game tape date: 1998-09-18
The J! Archive is created by fans, for fans. Scraping, republication, monetization, and malicious use prohibited; this site may use cookies and collect identifying information. See terms. The Jeopardy! game show and all elements thereof, including but not limited to copyright and trademark thereto, are the property of Jeopardy Productions, Inc. and are protected under law. This website is not affiliated with, sponsored by, or operated by Jeopardy Productions, Inc. Join the discussion at JBoard.tv.